Implementácia genetických algoritmov na malých výpočtových platformách
Guardado en:
| Autor principal: | |
|---|---|
| Otros Autores: | |
| Formato: | Manuscrito Libro |
| Lenguaje: | eslovaco |
| Publicado: |
Bratislava : STU v Bratislave FEI, 2018
|
| Materias: | |
| Acceso en línea: | https://opac.crzp.sk/?fn=detailBiblioForm&sid=6AA8E1A8284D263B43924A20F398&seo=CRZP-detail-kniha |
| Etiquetas: |
Sin Etiquetas, Sea el primero en etiquetar este registro!
|
MARC
| LEADER | 00000ntm a22000003a 4500 | ||
|---|---|---|---|
| 001 | stuzp66589 | ||
| 003 | SK-STU | ||
| 005 | 20200821102853.2 | ||
| 007 | ta | ||
| 008 | 150427s2015----xo-----f-mn---000-0-slo-d | ||
| 040 | |a STU |b slo | ||
| 041 | 0 | |a slo | |
| 044 | |a xo | ||
| 100 | 1 | |a Marton, Matej |u 031000 |4 aut |U FEI Fakulta elektrotechniky a informatiky |T FEI Ústav robotiky a kybernetiky |X 80028 |U E011 |Y 356 |7 80028 | |
| 242 | 0 | 1 | |a Implementation of Genetic Algorithms for Small Computation Platforms |y eng |
| 245 | 1 | 0 | |a Implementácia genetických algoritmov na malých výpočtových platformách |
| 260 | |c Bratislava : |c STU v Bratislave FEI, |c 2018 | ||
| 300 | |a 37 s. | ||
| 650 | 4 | |a malé výpočtové platformy |2 slo | |
| 650 | 4 | |a NEON inštrukcie |2 slo | |
| 650 | 4 | |a procesorová architektúra ARM |2 slo | |
| 650 | 4 | |a paralelný genetický algoritmus(PGA) |2 slo | |
| 650 | 4 | |a genetický algoritmus(GA) |2 slo | |
| 650 | 4 | |a small computation platforms |2 eng | |
| 650 | 4 | |a genetic algorithm(GA) |2 eng | |
| 650 | 4 | |a parallel genetic algorithm(PGA) |2 eng | |
| 650 | 4 | |a ARM processor architecture |2 eng | |
| 650 | 4 | |a NEON instructions |2 eng | |
| 700 | 1 | |a Sekaj, Ivan |u 031000 |k Z1 |4 ths |U FEI Fakulta elektrotechniky a informatiky |T FEI Ústav robotiky a kybernetiky |X 4946 |U E011 |Y 356 |7 A000004946 | |
| 856 | 4 | |u https://opac.crzp.sk/?fn=detailBiblioForm&sid=6AA8E1A8284D263B43924A20F398&seo=CRZP-detail-kniha | |